[Event "Baku FIDE GP"]
[Site "Baku"]
[Date "2014.10.04"]
[Round "3"]
[White "Nakamura, Hikaru"]
[Black "Caruana, Fabiano"]
[Result "1/2-1/2"]
[WhiteElo "2764"]
[BlackElo "2844"]
[Annotator "Roiz,Michael"]
[PlyCount "100"]
[EventDate "2014.10.02"]
[EventType "tourn"]
[EventRounds "11"]
[EventCountry "AZE"]
[EventCategory "21"]
[SourceTitle "CBM 163"]
[Source "ChessBase"]
[SourceDate "2014.11.11"]
[SourceVersion "1"]
[SourceVersionDate "2014.11.11"]
[SourceQuality "1"]

1. d4 {Krasenkow,Michal} d5 2. c4 e6 3. Nc3 Be7 4. cxd5 exd5 5. Bf4 c6 6. e3 Bf5 7. g4 Be6 8. h4 Nd7 9. Bg3 {This rare move was already tried by Hikaru before. The main idea of White's last move is freeing the f4-square for the knight.} ({White's most agressive approach here is:} 9. g5 h6 10. g6 Ngf6 ({accepting the sacrifice looks quite dangerous:} 10... fxg6 11. Bd3 Bf7 12. Qc2 g5 13. hxg5 Bxg5 14. Bg3 Ne7 15. Nf3 Bf6 16. O-O-O $36 {1-0 Tomashevsky,E (2711)-Aghasaryan,R (2503)/Yerevan ARM 2014 (26)}) 11. gxf7+ Bxf7 12. Bd3 Nh5 (12... Ne4 13. Bxe4 dxe4 14. Nge2 O-O 15. Qc2 Nf6 16. Rg1 Kh8 17. Be5 $36 {1-0 Nepomniachtchi,I (2717)-Ponomariov,R (2756)/Riga LAT 2013 (33)}) (12... O-O 13. Qf3 Qb6 (13... Nh5 14. Nge2 Nxf4 15. Nxf4 Bd6 16. Nce2 $14) 14. O-O-O c5 15. Nge2 Rac8 16. Rhg1 $16 {1-0 Nepomniachtchi,I (2721)-Aronian,L (2803)/Beijing CHN 2013 (75)}) 13. Bh2 (13. Be5 O-O {didn't give White much and led to a quick draw after:} 14. Qg4 Nhf6 15. Qg3 Nh5 16. Qg4 Nhf6 17. Qg3 Nh5 {½-½ Morozevich,A (2762)-Giri,A (2714)/Reggio Emilia 2012/CBM 146}) 13... O-O 14. Qg4 (14. Nf3 $5) 14... Ndf6 15. Qg2 Be6 $132 {½-½ Stefanova,A (2496)-Kosteniuk,A (2495)/Tashkent UZB 2013 (39)}) ({RR} 9. h5 Nh6 10. Be2 ({RR} 10. f3 f5 11. Bxh6 gxh6 12. gxf5 Bxf5 13. Bd3 Bh4+ 14. Ke2 Bxd3+ 15. Qxd3 Qe7 16. f4 Rg8 17. Kd2 Rg2+ 18. Nge2 Bf2 19. Rh3 O-O-O 20. Rf1 Kb8 21. Rf3 Bh4 22. Kc1 Rdg8 23. Qf5 Ka8 24. Rh1 Bf6) 10... Nb6 11. Nh3 g5 12. hxg6 hxg6 13. Bg3 Qd7 14. Nf4 O-O-O 15. Nxe6 Qxe6 16. Rg1 Bd6 17. Qc2 Bxg3 18. Rxg3 f5 19. O-O-O Nxg4 20. Bxg4 fxg4 21. Rdg1 Rh4 22. Qe2 Rf8 23. Nd1 Rf4) 9... Nb6 {A standard manoeuvre. The knight is heading to c4, while the queen is getting more mobile.} ({In his previous game in this line, Nakamura was able to get a serious advantage quite quickly:} 9... Ngf6 10. f3 Nb6 11. Bd3 Nc4 12. Qe2 c5 $2 (12... Qb6 13. O-O-O Bb4 14. Be1 $132) 13. Bxc4 dxc4 14. d5 Nxd5 15. O-O-O $16 {1-0 Nakamura,H (2772)-Bacrot,E (2723)/Elancourt FRA 2013 (35)}) 10. f3 Bd6 {Both players are following Hikaru's preceding game.} (10... h5 11. g5 Bd6 12. Bxd6 Qxd6 13. Qc2 Ne7 14. Bd3 {leads to the text.}) 11. Bxd6 Qxd6 12. Qc2 {A good prophylactic move - now the check on g3 is not dangerous.} h5 {Black prefers to fix the pawn structure in order to get some stable squares for the knights.} ({In the event of} 12... Ne7 13. Bd3 O-O-O 14. Nge2 Kb8 15. Nf4 Bd7 16. O-O-O Rhe8 17. Qh2 $14 {Black's position would lack any active ideas.}) 13. g5 Ne7 14. Bd3 O-O $146 {Fabiano comes up with an interesting novelty. The king is quite safe on the k-side at the moment, while Black may consider some counter-attacking activities like c6-c5 on the opposite side.} ({Levon Aronian got a solid position after} 14... O-O-O 15. Nge2 Kb8 16. Kf2 (16. O-O-O $5 {might be a possible improvement.} Nc4 17. Bxc4 dxc4 18. Nf4) 16... g6 17. a4 a5 ({RR} 17... Bf5 18. a5 Bxd3 19. Qxd3 Nd7 20. a6) 18. Ng3 Rdf8 19. Qd2 ({RR} 19. Nce2 f6 20. Qc5 Qxc5 21. dxc5 Nd7 22. Nf4 Nxc5 23. Bxg6 fxg5 24. hxg5 Rxf4 25. exf4 Nxg6 26. f5 h4 27. fxe6 hxg3+ 28. Kxg3 Rxh1 29. Rxh1 Nxe6) 19... f6 $132 {½-½ Nakamura,H (2758)-Aronian,L (2802)/Moscow 2011/CBM 146/[Krasenkow,M] (53)} ({RR} 19... Nd7 20. Nce2 f6 21. gxf6 Rxf6 22. Nf4 Rhf8)) ({RR} 14... O-O-O 15. Nge2 Kb8 16. Kf2 g6 17. a4 a5 18. Ng3 Rdf8 19. Qd2 f6 20. gxf6 Rxf6 ({RR} 20... Nf5 21. Bxf5 Bxf5 22. Nxf5 gxf5 23. b3 ({RR} 23. Ne2 Nc4 24. Qd3 Re8)) 21. Nce4 dxe4 22. Nxe4 Rxf3+ 23. Kxf3 Qd5 ({RR} 23... Rf8+ 24. Ke2 Bg4+ 25. Ke1 Qd8) 24. Qh2+ Ka7 25. Qe5 ({RR} 25. Qd6 Qf5+ 26. Qf4 Bd5) 25... Rf8+ 26. Ke2 Qxe5 27. dxe5 Nd7 28. Nd2 ({RR} 28. Ng5) 28... Nxe5 ({RR} 28... Bg4+ 29. Ke1 Nxe5) 29. Be4 {Nakamura,H (2758)-Aronian,L (2802) Moscow 2011 CBM 146 [Krasenkow,Michal] ½-½ (53)} ({RR} 29. e4 Rd8 ({RR} 29... Bg4+ 30. Ke3) 30. Ra3)) 15. Nge2 Rac8 {A logical continuation of Black's previous play.} ({It was also worth considering} 15... Rae8 16. Kf2 g6 17. Rad1 Qd7 18. Ng3 Nbc8 19. Nce2 Nd6 20. Nf4 Ndf5 $132) 16. Rd1 {Long castling was still possible, but White decides to keep the king in the centre.} (16. O-O-O c5 17. dxc5 Rxc5 18. Kb1 Rfc8 19. Nd4 Nc4 $132) 16... g6 17. Kf2 a6 {Black is not in a rush, so that a prophylactic move makes sense.} 18. b4 {A risky move - White prefers to prevent the above mentioned play along the c-file, but the text move has a clear drawback: Black gets full control over the c4-square.} (18. Qd2 c5 19. dxc5 Rxc5 20. Nf4 Rfc8 21. Nce2 Bf5 22. b3 Bxd3 23. Qxd3 Nd7 $11) (18. Nf4 Bf5 19. Nce2 c5 20. dxc5 Rxc5 21. Qd2 Bxd3 22. Nxd3 Rc7 $11) 18... Bf5 $1 {Correctly exchanging the bishops. Now White is under some pressure.} (18... Rfe8 19. a4 Nd7 20. Qb2 $11) 19. Bxf5 $6 {Now White's position is becoming dangerous from the strategic point of view.} ({It seems, that it is only after} 19. e4 dxe4 20. Nxe4 $1 {that White should be able to avoid a clearly worse position. For instance,} (20. fxe4 Bg4 21. Rdf1 Nd7 22. Qd2 Rcd8 $15) 20... Qc7 21. N2g3 Bxe4 (21... Be6 22. Nf6+ Kh8 23. Rhe1 $132) 22. fxe4 Qd6 23. Ne2 f5 24. gxf6 Rxf6+ 25. Ke1 Qxb4+ 26. Qd2 $44 {with definite compensation for a pawn.}) 19... Nxf5 20. e4 Ng7 {White's position is rather unpleasant now.} 21. Qb3 ({Hardly better was} 21. e5 Qxb4 22. Rb1 Qa5 23. Qb3 Nc4 24. Qxb7 Nf5 $36) 21... Nc4 22. e5 Qe6 {Black is taking control of the important light squares.} (22... Qd7 $5) 23. Nf4 ({Also after} 23. Na4 b6 24. Nb2 b5 25. Nd3 a5 $15 {Black may make some progress on the queenside.}) 23... Qe7 (23... Qf5 $5 24. Nd3 a5 25. b5 a4 26. Qb4 Ne6 27. Ne2 c5 $36) 24. Ne4 {White is trying to change the character of play.} dxe4 25. Qxc4 Ne6 $1 {A nice tactical way to exploit the vulnerable placement of White's monarch.} 26. Ne2 exf3 27. Ng3 $6 {One more inaccuracy - there was no reason for delaying taking the pawn back.} (27. Kxf3 Rcd8 28. a3 a5 29. Kf2 axb4 30. axb4 Nc7 $15) 27... a5 (27... b5 $5 28. Qc3 a5 29. bxa5 Ra8 30. Ne4 b4 31. Qxc6 Rxa5 32. Rd2 Qa7 $17) 28. a3 $2 {Allowing Black to seize the open a-file looks fatal in this situation.} ({A more stubborn move would be} 28. bxa5 c5 29. d5 Nd4 30. Rhe1 Qd7 31. Rh1 $17) 28... axb4 29. axb4 (29. Qxb4 c5 30. dxc5 Nxc5 31. Rd5 Rc6 32. Rhd1 Ra8 33. Ne4 Nxe4+ 34. Qxe4 Rxa3 $19) 29... Ra8 30. Ne4 (30. Rd2 Ra3 31. Ne4 Nf4 {leads to the same position.}) 30... Ra3 31. Rd2 Nf4 $1 {Fabiano energetically develops his initiative.} 32. Rb1 Kg7 {Black's position is winning, but Fabuano had to find some precise moves.} ({It was possible to liquidate into a winning endgame:} 32... Nd5 33. Rb3 Ra1 34. Nf6+ (34. Rxf3 Qe6 $19) 34... Nxf6 35. gxf6 Qd7 36. e6 Qxe6 37. Qxe6 fxe6 38. Rxf3 Rb1 $19) 33. Rb3 Rfa8 {The most logical move from a human point of view.} ({The following winning line wasn't trivial:} 33... Nh3+ 34. Kg3 (34. Kxf3 Qe6 $1 35. Qxe6 fxe6+ $19) 34... b5 35. Qc2 Qe6 36. Rxa3 Qg4+ 37. Kh2 Qxh4 38. Rxf3 Nxg5+ 39. Kg2 Qg4+ $1 40. Rg3 Qxe4+ 41. Qxe4 Nxe4 $19) 34. Nf6 Ra2 $6 {The first step in a wrong direction.} ({Once again, Caruana deviates from a forcing winning line:} 34... Qd8 $1 35. Kxf3 Nd5 36. Kf2 Qc8 37. Qd3 Ra2 38. Rdb2 Nxf6 39. gxf6+ Kh7 $19) 35. Rxa2 Rxa2+ 36. Kxf3 {As a result, White has managed to take the pawn back, while the position is simplified.} Ng2 $2 {Finally spoiling all the advantage.} ({At the same time, the correct} 36... Nd5 $1 37. Nxd5 Qe6 38. Ne3 Qh3+ 39. Ke4 Rd2 $1 40. Qf1 $8 Qxh4+ 41. Kf3 Rxd4 42. Qg2 Qf4+ 43. Ke2 Qxe5 $17 {would still allow Black to obtain excellent winning chances.}) 37. Kg3 Ne1 38. Re3 {Now the queen cannot take part in the attack, so White is out of danger.} Nc2 (38... Rg2+ 39. Kh3 Rc2 40. Qb3 Ng2 41. Re4 Qe6+ 42. Qxe6 fxe6 43. Kg3 $11) 39. Qxa2 (39. Rf3 Nxb4 40. Ne4 Qd7 41. Nf6 Qe7 $11) 39... Nxe3 40. Qa8 ({Another possibility was} 40. Kf3 Nf5 41. Qa8 Qf8 42. Qxb7 Nxd4+ 43. Kf2 Ne6 $11) 40... Qf8 41. Qxb7 Nf5+ 42. Kh3 Nxd4 43. Qd7 (43. Kg2 Qd8 44. Kf2 Nf5 45. Ke2 Qd4 46. Qb8 $11) 43... Qxb4 44. Qd8 $11 {There was no more than a perpetual now.} Qc3+ 45. Kg2 Qd2+ 46. Kh3 Qd3+ 47. Kg2 Qf3+ 48. Kh2 Qf2+ 49. Kh3 Qf1+ 50. Kh2 Qf2+ 1/2-1/2

[Event "Interzonal-16"]
[Site "Biel"]
[Date "1993.??.??"]
[Round "13"]
[White "Lautier, Joel"]
[Black "Gurevich, Mikhail"]
[Result "1-0"]
[WhiteElo "2620"]
[BlackElo "2605"]
[Annotator "Lautier,Joel"]
[PlyCount "73"]
[EventDate "1993.07.16"]
[EventType "swiss"]
[EventRounds "13"]
[EventCountry "SUI"]
[SourceTitle "CBM 037"]
[Source "ChessBase"]
[SourceDate "1993.12.01"]
[SourceVersion "1"]
[SourceVersionDate "1993.12.01"]
[SourceQuality "1"]

1. c4 {Ftacnik} e6 2. Nc3 d5 3. d4 c6 4. e4 dxe4 5. Nxe4 Bb4+ 6. Bd2 Qxd4 7. Bxb4 Qxe4+ 8. Be2 Na6 9. Bc3 Ne7 (9... Nf6 {Ftacnik} 10. Nf3 Bd7 11. O-O $1 O-O-O 12. Bd3 Qg4 13. Qc2 Qf4 14. b4 c5 15. b5 Nb4 16. Bxb4 cxb4 17. Rfe1 Qc7 18. a3 b3 $8 19. Qxb3 Kb8 20. Rac1 Bc8 21. c5 Rd5 22. b6 axb6 23. cxb6 Qd6 24. Ne5 $1 $18 {Sokolov,I-Akopian,V/Groningen/1991/}) 10. Bxg7 (10. Nf3 {Ftacnik} O-O 11. Qd2 (11. O-O f6 12. b4 Qf4 13. a3 Ng6 14. Bd3 e5 15. Bd2 Qg4 16. Re1 Qd7 17. Qc2 Rd8 18. Bxg6 hxg6 19. Qxg6 Qf5 20. Qxf5 Bxf5 21. Be3 Nc7 22. Red1 b6 23. Rd2 Ne6 24. Rad1 $10 {Malaniuk,V-Matlak,M/Wisla BES (06)/1992/}) 11... Ng6 12. O-O-O f6 13. Rhe1 e5 14. Bf1 Qf4 15. Re3 Bg4 16. h3 Bxf3 17. Rxf3 Qxd2+ 18. Bxd2 Nh4 19. Ra3 Nf5 20. Bc3 Rfd8 21. Rxd8+ Rxd8 22. b4 Ra8 23. b5 cxb5 24. cxb5 $13 {Lobron,E-Knaak,R/Baden Baden (08)/1992/}) 10... Rg8 11. Bf6 (11. Bc3 {Ftacnik} Qxg2 12. Qd2 Qxh1 13. O-O-O Nd5 14. Nf3 Qxd1+ 15. Bxd1 Nxc3 16. Qxc3 Ke7 17. Ne5 Bd7 18. Qa3+ c5 19. Qf3 Rad8 20. Qxf7+ Kd6 21. Qf4 Rdf8 22. Nf7+ Ke7 23. Bh5 Bc6 24. Qd6+ $16 {Bronstein,D-Kotov,A/Budapest ct/1950/}) 11... Qf4 $6 (11... Rg6 {Ftacnik} 12. Bxe7 Kxe7 13. Qd2 e5 14. Rd1 Be6 15. f3 Qd4 16. Qxd4 exd4 17. Kf2 Rd8 18. Bd3 Rg5 19. Ne2 h5 20. h4 Ra5 21. a3 Nc5 22. Bb1 Nb3 23. Bc2 Bxc4 24. Bxb3 $14 {Vaiser,A-Savchenko,S/Moscow Tal/1992/}) ({RR} 11... Bd7 12. Qd2 Qf5 13. Bxe7 Kxe7 14. O-O-O Rad8 15. Qd6+ Ke8 16. Nf3 f6 17. Nd4 Qe5 18. Qxe5 fxe5 19. Nf3 Ke7 20. Nxe5 Rxg2 21. Rd2 Be8 22. Rxd8 Kxd8 23. Rd1+ Ke7 24. Ng4 h5 25. Bf3 Rxg4 26. Bxg4 {Steiners,E (1978)-Rueda Ahumada,G (1915) chess.com INT 2026 0-1 (62)}) 12. Bc3 $1 (12. Bxe7 $2 Kxe7 $15) 12... Rxg2 13. Nf3 f6 $146 (13... Ng6 $6 14. Kf1 Rg4 (14... e5 15. Kxg2 (15. Bd2 $2 Bh3 $1 16. Bxf4 Rxh2+ 17. Kg1 Rg2+ $10) 15... Bh3+ 16. Kxh3 Qf5+ 17. Kg2 Nf4+ 18. Kf1 Qh3+ 19. Ke1 Ng2+ (19... Rd8 20. Qxd8+ Kxd8 21. Bxe5 $18) 20. Kd2 Rd8+ 21. Kc2 Rxd1 22. Raxd1 Nf4 23. Rhe1 Nxe2 24. Rxe2 Qxf3 25. Rxe5+ Kf8 26. Rd8+ $18) (14... Nh4 15. Be5 Qf5 16. Bg3 Qh3 17. Ke1 (17. Ng5 $4 Rg1+ $1 18. Kxg1 Qg2#) 17... Rxg3 18. fxg3 Qg2 19. Rf1 Nxf3+ 20. Rxf3 Qxh2 21. Qd4 $18) 15. h3 Rh4 16. Nxh4 Qxh4 17. Qd4 $18) (13... Nc5 $6 14. Be5 Qh6 (14... Qg4 {Ftacnik} 15. Bg3 $16) 15. Qd4 (15. Bg3 $6 Ne4) 15... b6 16. Rd1 Bb7 17. Bf6 $16) (13... Bd7 14. Be5 Qh6 15. Bg3 Nf5 16. Qd2 $1 $16 (16. Ne5 $6 O-O-O 17. Nxf7 Qf6 $13)) (13... Nf5 14. Be5 Qh6 15. Qd2 Rg8 (15... Qxd2+ 16. Nxd2 {with the threat of 17.Bg3} Rg6 17. Ne4 $16) 16. Bf4 Qf8 (16... Qf6 $2 17. Bg5) 17. O-O-O Qe7 18. Rhg1 $16) (13... Rg8 $5 $13 {Ftacnik}) ({RR} 13... Nf5 14. Be5 Qh6 15. Qd2 Qxd2+ 16. Nxd2 Rg6 17. Ne4 Ke7 18. h4 c5 19. h5 Rh6 20. Bf4 Bd7 21. f3 Bc6 22. Kf2 e5 23. Bxh6 Nxh6 24. Rhg1 Bxe4 25. fxe4 Nc7 26. Rad1 Ne6 27. Bf1 Nd4 28. Bh3 {Onischuk,A (2649)-Novikov,I (2592) Lindsborg 2002 1-0 (55)}) ({RR} 13... Rg8 14. Qd2 Qxd2+ 15. Nxd2 f5 16. O-O-O Bd7 17. Nf3 Ng6 18. Rhe1 Nc5 19. Ng5 h6 20. Nh7 Ne4 21. Nf6+ Nxf6 22. Bxf6 Rf8 23. Bg7 Rg8 24. Bxh6 O-O-O 25. Bg5 Rdf8 26. h4 f4 27. Bd3 f3 28. Re3 {Yakovich,Y (2510)-San Segundo Carrillo,P (2440) Oviedo 1993 1-0 (32)}) 14. Qd2 $3 $16 (14. Qd3 e5 15. Qxh7 Bg4 $1 16. Bd2 (16. Qh8+ $2 Kf7 17. Qxa8 (17. Qh7+ Ke6) 17... Bxf3 18. Bxf3 (18. Qxa7 $2 Qe4 $19) 18... Qxf3 19. Qxa7 c5 (19... Rg4 20. Kd2 $1) 20. Rf1 Nf5 $17 {}) 16... Qf5 17. Qxf5 (17. Qh8+ $2 Kf7 18. Qxa8 Bxf3 $40) 17... Nxf5 18. h3 Bxf3 19. Bxf3 Rg7 $10) 14... Qxd2+ (14... e5 15. Qxf4 exf4 16. Nh4 $1 (16. Bxf6 Nb4) 16... Rg8 17. Bh5+ Ng6 18. O-O-O Kf7 19. Rd6 Be6 20. Re1 { f5}) (14... Ng6 15. Qxf4 $1 (15. Kf1 $6 Rg4 16. h3 Qxd2 17. Bxd2 Rf4 (17... Re4 18. Bd3) 18. Bxf4 Nxf4 $14) 15... Nxf4 16. Bxf6 Nxe2 17. Kxe2 $16 { hg1}) (14... Qf5 {Ftacnik} 15. Rd1 $40) 15. Nxd2 e5 (15... f5 $2 16. Bh5+ (16. Nf3 $36 {Ftacnik}) 16... Ng6 (16... Kf8 17. Nf3) 17. Nf3 Ke7 18. Kf1 Nf4 19. Be5 $18) (15... Kf7 16. Ne4 e5 {transposes to the game} (16... f5 {Ftacnik} 17. Bh5+ Kf8 18. Rd1 $40)) 16. Ne4 Kf7 17. Rd1 $1 (17. Ng3 Ng6 18. Bf3 Nh4 (18... Bh3 $5) 19. Bxg2 Nxg2+ 20. Ke2 Nf4+ $14) 17... Rg8 $6 (17... Nc7 $5 18. Bh5+ Ng6 19. Bf3 Nh4 (19... Bh3 $2 20. Bxg2 Bxg2 21. Rd7+ $18) 20. Bxg2 Nxg2+ 21. Ke2 Nf4+ 22. Kf3 Bh3 (22... h5 23. Nd6+ $16) 23. Rhg1 h5 24. Ke3 $16 {} Ng2+ $2 25. Rxg2 Bxg2 26. Rd7+ $18) (17... Bf5 {Ftacnik} 18. Nd6+ Kg7 19. Nxf5+ Nxf5 20. Rd7+ $16) (17... Be6 {Ftacnik} 18. Nd6+ Kg7 19. Nxb7 $16) 18. f4 $1 Ng6 $6 (18... exf4 19. Bh5+ (19. Nxf6 {Ftacnik} Rg2 20. Bf3 $16) (19. Rd6 Be6 20. Nxf6 Rgd8 $132) 19... Ng6 20. Nxf6 $18) (18... Bf5 19. Nd6+ Ke6 20. Nxb7 Rab8 21. Rd6+ Kf7 22. Na5 $16) 19. Rd6 Ke7 (19... Be6 $2 20. f5 $18 (20. f5 {Ftacnik} Bxf5 21. Rxf6+ $18)) 20. Rxf6 Nxf4 (20... exf4 21. h4 $1 $18) 21. Bxe5 Nxe2 22. Bd6+ $1 Ke8 23. Kxe2 Bh3 (23... Bg4+ 24. Ke3 Rd8 25. Rg1 $18) (23... Rg2+ {Ftacnik} 24. Kf3 Rxb2 25. Rf8+ Kd7 26. Rd1 $18) 24. Rh6 $1 $18 Bg4+ (24... Bg2 25. Rg1 $1 (25. Rxh7 {Ftacnik} Bxe4 (25... Bxh1 26. Nf6+ Kd8 27. Nxg8 $18) 26. Re7+ Kd8 27. Rxe4 Rg2+ 28. Ke3 Rxb2 29. Rd1 $18) 25... Bf3+ 26. Kxf3 Rxg1 27. Rxh7 $18) 25. Ke3 Bf5 (25... Kf7 26. Rf6+ $1 (26. Rf1+ {Ftacnik} Kg7 27. Rhf6 $18) (26. Rxh7+ Kg6 27. Rxb7 $18) 26... Ke8 (26... Kg7 27. Rg1 Kh8 28. Be5 $18) 27. Rg1 $18) 26. Nf6+ Kf7 27. Nxg8 Rxg8 28. Kf4 $1 (28. Rf1 Re8+ 29. Kd2 Kg7) 28... Bg6 29. Re1 Rd8 (29... Kg7 {Ftacnik} 30. Kg5 Rd8 31. Re7+ Kg8 32. c5 $18) 30. Re7+ Kf6 (30... Kg8 {Ftacnik} 31. Ke5 $18) 31. c5 Nb4 32. Rexh7 Nd5+ 33. Kf3 Re8 34. h4 Re3+ 35. Kf2 Kf5 36. Rg7 Re6 (36... Be8 37. Rg5+ Ke4 38. Re6+ Kd4 39. Rxd5+ $18) 37. h5 (37. h5 Be8 38. Rxe6 Kxe6 39. h6) 1-0